000 04222cam a22002895a 4500
008 020911s2015 enka b 001 0 eng
020 _a9781444137620
040 _aNSHS
082 0 0 _a617
_bESS
245 0 0 _aEssential surgical practice :
_bhigher surgical training in general surgery /
_cedited by Alfred Cuschieri, George B. Hanna
250 _aFifth edition
260 _aLondon ;
_aNew York :
_bArnold,
_c2015.
300 _axii, 1064 pages :
_bill. (some col.) ;
_c29 cm.
504 _aIncludes bibliographical references and index.
505 1 _aGENERAL SECTION -- Surgical Biology and Pathology: Sir Alfred Cuschieri -- Surgical Craft Approaches and Technologies: Sir Alfred Cuschieri -- Risk Assessment and Prognostic Indices in Surgery: Omar Faiz -- Care of the Patient in the Perioperative Period: Helgi Johannsson and Vafa Mansoubi -- Patient-Reported Outcomes to Evaluate Surgery: Jane M. Blazeby -- Intensive and High Dependency Care: Arup Chakraborty, Nicolas Price and Martin Stotz -- Anaemia, Hypovolaemia and Oedema: Sir Alfred Cuschieri -- Cardiovascular Pathophysiology: P. George, J. George and Allan D. Struthers -- Pulmonary Insufficiency: Elizabeth Starren, William Oldfield and Onn Min Kon -- Renal Insufficiency: Neill Duncan and R.W. Corbett -- Surgical Infections and Infestations: Sir Alfred Cuschieri -- Surgical Nutrition: Sir Alfred Cuschieri -- Interventional Radiology in General Surgery: Mohamad S. Hamady -- Trauma and the Injured Patient: Leslie Kobayashi, Raul Coimbra and David Hoyt -- Head Injuries: Pathophysiology and Management: Sam Eljamel -- SPECIALIST GENERAL SURGERY -- Disorders of the Skin and Soft Tissues: Sir Alfred Cuschieri -- Disorders of the Breast: Alistair M. Thompson, Stacy L. Moulder-Thompson, Andrew Evans and John A. Dewar -- Disorders of the Thyroid Gland: S.P. Balasubramanian and David Smith -- Disorders of the Parathyroid Gland: Paul R. Maddox -- Disorders of the Adrenal Glands: G.P. Sadler -- Disorders of the Abdominal Wall, Peritoneal Cavity and Retroperitoneum: Sir Alfred Cuschieri -- Disorders of the Oesophagus: George B. Hanna, Sami M. Shimi and Sir Alfred Cuschieri -- Disorders of the Stomach and Duodenum: Sir Alfred Cuschieri and George B. Hanna -- Disorders of the Liver: Francesco M. Polignano, John F. Dillon, Ian A. Zealley, Aaron J. Quyn, Aileen Smith and Sir Alfred Cuschieri -- Disorders of the Biliary Tract: Sir Alfred Cuschieri -- Disorders of the Spleen and Lymph Nodes: Sir Alfred Cuschieri -- Disorders of the Pancreas: Sir Alfred Cuschieri and Abdool Rahim Moossa -- Bariatric Surgery: Ahmed R. Ahmed and Carel L.G. Roux -- Disorders of the Small Intestine and Vermiform Appendix: Sir Alfred Cuschieri -- Disorders of the Colon and Rectum: Paris Tekkis, Panagiotis Georgiou, Edward Fitzgerald and Emil Tan -- Disorders of the Anal Canal: Ken Campbell
520 _aEssential Surgical Practice: Higher Surgical Training in General Surgery, Fifth Edition provides a comprehensive guide for surgical trainees and practitioners focusing on advanced training in general surgery. This edition covers core surgical principles, preoperative and postoperative care, and detailed operative techniques across a range of surgical specialties. The text is structured to offer clear, practical insights into complex procedures and addresses essential topics like trauma management, gastrointestinal surgery, vascular surgery, and oncology. Updated with recent advancements and evidence-based practices, this guide aims to equip surgeons with the knowledge and skills required for high-level clinical practice and surgical decision-making.
650 0 _aSurgery.
_9113386
700 1 _aCuschieri, A.
_q(Alfred)
_9126884
700 1 _aSteele, R. J. C.
_9126885
700 1 _aMoossa, A. R.
_9126886
856 4 2 _3Publisher description
_uhttp://www.loc.gov/catdir/enhancements/fy0614/2002511765-d.html
856 4 1 _3Table of contents only
_uhttp://www.loc.gov/catdir/enhancements/fy0614/2002511765-t.html
906 _a7
_bcbc
_corigcop
_d2
_encip
_f20
_gy-gencatlg
942 _2ddc
_cBK
999 _c612295
_d612295